000 00925nam a22002651u 4500
001 05387
003 HDC
007 cr bn ---
008 210120p xx fo d 00 engg
040 _aHDC
100 _aAmrahi Buang
_95622
245 0 _aInformed Choice & Consent Involving Medication :
_bthe UMMC Experience /
_cby Amrahi Buang
260 _a[No place] :
_b[publisher not identified],
_c2012
300 _a89 pages :
_bIllustrations
336 _atext
_2rdacontent
337 _acomputer
_2rdamedia
338 _aonline resource
_2rdacarrier
650 _aHalal concept
_xReligious aspects
_95620
650 _aHalal Industry
_9144
650 _aMedical
_zMalaysia
_95621
856 _zRequest full-text at [email protected]
942 _2lcc
942 _cSLIDE
942 _kSLID 000388
999 _c2711
_d2711